Le XI des finales de LDC de 2002 à 2009 + Bonus - Statistiques

Statistiques générales
  • Ce quiz a été pris 140 fois
  • Le résultat moyen est 129 sur 267
Statistiques - réponses
Equipe Statut Poste Nationalité Réponse % Correct
- Titulaire Attaquant Argentine Lionel Messi
99%
- Titulaire Milieu Espagne Andres Iniesta
96%
- Remplaçant Milieu Espagne Andres Iniesta
96%
- Titulaire Attaquant Portugal Cristiano Ronaldo
96%
- Titulaire Attaquant Portugal Cristiano Ronaldo
96%
- Titulaire Attaquant Cameroun Samuel Etoo
96%
- Titulaire Attaquant Cameroun Samuel Etoo
96%
- Titulaire Attaquant France Thierry Henry
96%
- Titulaire Attaquant France Thierry Henry
96%
- Titulaire Milieu Espagne Xavi
96%
- Titulaire Gardien Espagne Victor Valdes
95%
- Titulaire Gardien Espagne Victor Valdes
95%
- Titulaire Défenseur Espagne Carles Puyol
91%
- Titulaire Défenseur Espagne Carles Puyol
91%
FC Barcelone 2009 - Entraineur Espagne Pep Guardiola
91%
- Titulaire Défenseur Cote d'ivoire Yaya Toure
90%
- Titulaire Gardien Pays-bas Edwin Van der Sar
89%
- Titulaire Gardien Pays-bas Edwin Van der Sar
89%
- Titulaire Défenseur Cote d'ivoire Kolo Touré
89%
- Titulaire Défenseur France Patrice Evra
89%
- Titulaire Défenseur France Patrice Evra
89%
- Titulaire Défenseur France Patrice Evra
89%
- Titulaire Milieu Espagne Sergio Busquets
89%
- Titulaire Attaquant Angleterre Wayne Rooney
89%
- Titulaire Attaquant Angleterre Wayne Rooney
89%
Manchester United 2009 - Entraineur Ecosse Alex Ferguson
88%
Manchester United 2008 - Entraineur Ecosse Alex Ferguson
88%
- Titulaire Défenseur Espagne Gerard Pique
88%
- Titulaire Défenseur Angleterre Rio Ferdinand
88%
- Titulaire Défenseur Angleterre Rio Ferdinand
88%
- Titulaire Défenseur Serbie Nemanja Vidic
87%
- Titulaire Défenseur Serbie Nemanja Vidic
87%
- Titulaire Milieu Pays de Galles Ryan Giggs
87%
- Remplaçant Milieu Pays de Galles Ryan Giggs
87%
- Titulaire Attaquant Cote d'ivoire Didier Drogba
86%
- Remplaçant Milieu Angleterre Paul Scholes
86%
- Titulaire Milieu Angleterre Paul Scholes
86%
- Titulaire Défenseur Italie Paolo Maldini
84%
- Titulaire Défenseur Italie Paolo Maldini
84%
- Titulaire Défenseur Italie Paolo Maldini
84%
- Titulaire Défenseur Italie Paolo Maldini
84%
- Titulaire Attaquant Brésil Kaka
83%
- Titulaire Milieu Brésil Kaka
83%
- Titulaire Milieu Italie Andrea Pirlo
82%
- Titulaire Milieu Italie Andrea Pirlo
82%
- Titulaire Milieu Italie Andrea Pirlo
82%
- Titulaire Défenseur Angleterre Ashley Cole
81%
- Titulaire Défenseur Angleterre Ashley Cole
81%
- Titulaire Gardien Brésil Dida
81%
- Titulaire Gardien Brésil Dida
81%
- Titulaire Gardien Brésil Dida
81%
- Remplaçant Attaquant Bulgarie Dimitar Berbatov
81%
- Remplaçant Attaquant Bulgarie Dimitar Berbatov
81%
- Titulaire Attaquant Angleterre Joe Cole
81%
- Titulaire Gardien Republique Tchèque Petr Cech
81%
- Titulaire Attaquant Ukraine Andriy Shevchenko
79%
- Titulaire Attaquant Ukraine Andriy Shevchenko
79%
- Titulaire Attaquant Brésil Ronaldinho
79%
- Titulaire Milieu Angleterre Steven Gerrard
78%
- Titulaire Milieu Angleterre Steven Gerrard
78%
- Titulaire Milieu France Claude Makelele
77%
- Titulaire Milieu France Claude Makelele
77%
- Titulaire Attaquant Italie Filippo Inzaghi
77%
- Titulaire Attaquant Italie Filippo Inzaghi
77%
- Titulaire Défenseur Angleterre John Terry
77%
- Titulaire Défenseur Italie Alessandro Nesta
76%
- Titulaire Défenseur Italie Alessandro Nesta
76%
- Titulaire Défenseur Italie Alessandro Nesta
76%
- Titulaire Milieu Pays-bas Clarence Seedorf
76%
- Titulaire Milieu Pays-bas Clarence Seedorf
76%
- Titulaire Milieu Pays-bas Clarence Seedorf
76%
- Titulaire Milieu Angleterre Franck Lampard
75%
- Titulaire Attaquant Corée du sud Park Ji-Sung
75%
- Remplaçant Attaquant Espagne Pedro
75%
- Titulaire Milieu France Zinedine Zidane
75%
- Remplaçant Attaquant Argentine Carlos Tevez
74%
- Titulaire Attaquant Argentine Carlos Tevez
74%
- Titulaire Attaquant France Florent Malouda
74%
- Titulaire Milieu Italie Gennaro Gattuso
74%
- Titulaire Milieu Italie Gennaro Gattuso
74%
- Titulaire Milieu Italie Gennaro Gattuso
74%
AC Milan 2007 - Entraineur Italie Carlo Ancelotti
73%
AC Milan 2005 - Entraineur Italie Carlo Ancelotti
73%
AC Milan 2003 - Entraineur Italie Carlo Ancelotti
73%
- Titulaire Milieu Allemagne Michael Ballack
73%
- Titulaire Milieu Allemagne Michael Ballack
73%
- Titulaire Milieu Portugal Deco
71%
- Titulaire Milieu Portugal Deco
71%
AS Monaco 2004 - Entraineur France Didier Deschamps
70%
- Titulaire Milieu France Didier Deschamps
70%
- Remplaçant Attaquant Portugal Nani
70%
- Titulaire Attaquant France Ludovic Giuly
69%
- Titulaire Attaquant France Ludovic Giuly
69%
- Titulaire Défenseur Portugal Ricardo Carvalho
69%
- Titulaire Défenseur Portugal Ricardo Carvalho
69%
- Remplaçant Attaquant France Nicolas Anelka
68%
- Titulaire Défenseur Ghana Michael Essien
67%
Arsenal 2006 - Entraineur France Arsene Wenger
66%
- Titulaire Milieu Espagne Xabi Alonso
66%
- Titulaire Milieu Espagne Xabi Alonso
66%
- Remplaçant Gardien Espagne Iker Casillas
65%
- Titulaire Milieu Angleterre Michael Carrick
65%
- Titulaire Milieu Angleterre Michael Carrick
65%
- Titulaire Défenseur Brésil Roberto Carlos
65%
- Titulaire Milieu Espagne Cesc Fabregas
64%
FC Barcelone 2006 - Entraineur Pays-bas Frank Rijkaard
63%
- Titulaire Milieu Pays-bas Frank Rijkaard
63%
- Remplaçant Milieu Guinée Seydou Keita
63%
- Titulaire Défenseur Mexique Rafael Marquez
62%
- Titulaire Attaquant Argentine Hernan Crespo
61%
- Titulaire Milieu France Robert Pires
61%
- Titulaire Défenseur Brésil Cafu
60%
- Titulaire Attaquant France David Trezeguet
60%
- Titulaire Gardien Pologne Jerzy Dudek
60%
- Titulaire Défenseur France Lilian Thuram
60%
FC Porto 2004 - Entraineur Portugal José Mourinho
58%
- Titulaire Gardien Espagne Pepe Reina
58%
- Titulaire Attaquant Espagne Fernando Morientes
57%
- Titulaire Attaquant Espagne Fernando Morientes
57%
- Titulaire Milieu Portugal Luis Figo
57%
Liverpool 2007 - Entraineur Espagne Rafael Benitez
57%
Liverpool 2005 - Entraineur Espagne Rafael Benitez
57%
- Remplaçant Attaquant Suède Henrik Larsson
56%
- Titulaire Gardien Allemagne Jens Lehmann
56%
- Titulaire Attaquant Espagne Raul
56%
- Titulaire Gardien Italie Gianluigi Buffon
55%
- Remplaçant Milieu Portugal Rui Costa
55%
- Titulaire Milieu Portugal Rui Costa
55%
- Titulaire Attaquant Italie Alessandro Del Piero
54%
- Remplaçant Attaquant France Djibril Cissé
54%
- Titulaire Milieu France Edouard Cisse
54%
- Titulaire Défenseur Angleterre Sol Campbell
54%
- Titulaire Milieu Brésil Gilberto Silva
53%
- Titulaire Défenseur Pays-bas Jaap Stam
53%
- Titulaire Défenseur Angleterre Jamie Carragher
53%
- Titulaire Défenseur Angleterre Jamie Carragher
53%
- Titulaire Milieu Brésil Anderson
52%
- Remplaçant Milieu Bresil Anderson
52%
- Titulaire Attaquant Pays-bas Dirk Kuyt
52%
- Titulaire Défenseur Norvège John Arne Riise
51%
- Titulaire Milieu Norvège John Arne Riise
51%
- Titulaire Défenseur Irlande John O'shea
51%
- Titulaire Défenseur Portugal Jorge Costa
51%
- Remplaçant Attaquant Cote d'ivoire Salomon Kalou
51%
- Titulaire Défenseur France Basile Boli
49%
- Remplaçant Attaquant France Jean-Pierre Papin
49%
- Titulaire Défenseur Espagne Fernando Hierro
48%
- Titulaire Gardien France Fabien Barthez
46%
- Titulaire Attaquant France Jerome Rothen
45%
- Titulaire Milieu Pays-bas Edgar Davids
43%
- Titulaire Milieu Italie Gianluca Zambrotta
40%
- Titulaire Milieu Italie Massimo Ambrosini
39%
- Remplaçant Milieu Italie Massimo Ambrosini
39%
- Titulaire Défenseur Italie Franco Baresi
38%
- Titulaire Milieu Argentine Javier Mascherano
37%
- Titulaire Défenseur France Marcel Desailly
37%
- Titulaire Milieu Pays-bas Mark Van Bommel
37%
- Titulaire Défenseur Pays-bas Giovanni van Bronckhorst
36%
- Remplaçant Défenseur Georgie Kakha Kaladze
36%
- Titulaire Défenseur Georgie Kakha Kaladze
36%
- Titulaire Défenseur Brésil Lucio
35%
- Titulaire Attaquant Pays-bas Marco Van Basten
35%
- Titulaire Gardien Italie Flavio Roma
34%
- Titulaire Attaquant Ghana Abedi Pele
33%
- Titulaire Milieu Biélorussie Alaksandr Hleb
32%
- Titulaire Attaquant Australie Harry Kewell
32%
- Titulaire Attaquant Allemagne Rudi Voller
32%
- Titulaire Défenseur Angleterre Wes Brown
32%
- Titulaire Défenseur Republique Tchèque Marek Jankulovski
30%
- Remplaçant Milieu Angleterre Steve McManaman
30%
Real Madrid 2002 - Entraineur Espagne Vincente Del Bosque
30%
- Titulaire Attaquant République Tchèque Milan Baros
29%
- Titulaire Défenseur Italie Alessandro Costacurta
28%
- Titulaire Défenseur Italie Alessandro Costacurta
28%
- Remplaçant Attaquant Croatie Dado Prso
27%
- Titulaire Défenseur France Eric Di Meco
27%
- Titulaire Défenseur Brésil Sylvinho
27%
- Titulaire Milieu Portugal Maniche
26%
- Remplaçant Attaquant République Démocratique du Congo Shabani Nonda
26%
- Remplaçant Défenseur Espagne Alvaro Arbeloa
25%
- Titulaire Défenseur Mali Djimi Traore
25%
- Titulaire Défenseur Cote d'ivoire Emmanuel Eboue
25%
- Titulaire Défenseur Finlande Sami Hyypia
25%
- Remplaçant Défenseur France Sebastien Squillaci
25%
- Titulaire Gardien Portugal Vitor Baia
25%
- Remplaçant Milieu République Tchèque Vladimír Smicer
25%
- Titulaire Défenseur France Gael Givet
24%
- Titulaire Défenseur Espagne Michel Salgado
24%
- Remplaçant Défenseur Brésil Juliano Belletti
23%
- Titulaire Milieu Espagne Luis Garcia
23%
Juventus 2003 - Entraineur Italie Marcello Lippi
23%
- Remplaçant Milieu France Mathieu Flamini
23%
- Remplaçant Attaquant Angleterre Peter Crouch
23%
- Titulaire Milieu France Franck Sauzee
22%
- Remplaçant Gardien Espagne Manuel Almunia
22%
- Titulaire Milieu Brésil Edmilson
21%
- Titulaire Défenseur Portugal Paulo Ferreira
21%
- Remplaçant Attaquant Italie Alberto Gilardino
20%
- Titulaire Défenseur Danemark Daniel Agger
20%
- Remplaçant Attaquant Espagne José Antonio Reyes
19%
- Titulaire Milieu Italie Mauro Camoranesi
19%
- Titulaire Attaquant Angleterre Owen Hargreaves
19%
- Titulaire Défenseur Espagne Ivan Helguera
18%
- Titulaire Défenseur France Julien Rodriguez
18%
Bonus : Olympique de Marseille 1993 - Entraineur Belgique Raymond Goethals
18%
- Titulaire Défenseur Croatie Igor Tudor
17%
- Remplaçant Défenseur Brésil Juliano Belleti
17%
- Titulaire Gardien Italie Sebastiano Rossi
17%
- Titulaire Milieu Portugal Costinha
15%
- Titulaire Défenseur Italie Massimo Oddo
14%
- Titulaire Défenseur France Jocelyn Angloma
13%
- Titulaire Défenseur Irlande Steve Finnan
13%
- Titulaire Attaquant Croatie Alen Boksic
11%
- Remplaçant Milieu Italie Antonio Conte
11%
Chelsea 2008 - Entraineur Israel Avram Grant
11%
AC Milan 1993 - Entraineur Italie Fabio Capello
11%
- Remplaçant Attaquant Danemark John Dahl Tomasson
11%
- Titulaire Milieu Argentine Lucas Bernardi
11%
- Titulaire Défenseur Espagne Oleguer
11%
- Titulaire Attaquant Allemagne Oliver Neuville
11%
- Titulaire Milieu Argentine Santiago Solari
11%
- Titulaire Attaquant Brésil Carlos Alberto
10%
- Titulaire Gardien Espagne Cesar
10%
- Remplaçant Milieu Allemagne Dietmar Hamann
10%
- Remplaçant Défenseur Brésil Serginho
10%
- Remplaçant Milieu Brésil Serginho
10%
- Titulaire Gardien Allemagne ans-Jörg Butt
8%
- Remplaçant Attaquant Afrique du sud Benni McCarthy
8%
- Titulaire Défenseur Argentine Hugo Ibarra
8%
- Titulaire Défenseur Uruguay Paolo Montero
8%
- Titulaire Milieu Italie Roberto Donadoni
8%
- Titulaire Défenseur Portugal Nuno Valente
7%
- Titulaire Milieu Grèce Andreas Zikos
6%
- Titulaire Attaquant Pays-bas Boudewijn Zenden
6%
- Titulaire Milieu Italie Demetrio Albertini
6%
- Titulaire Attaquant Suède Fredrik Ljunjberg
6%
- Titulaire Milieu Portugal Pedro Mendes
6%
- Titulaire Milieu Allemagne Bernd Schneider
5%
- Titulaire Attaquant Italie Daniele Massaro
5%
- Titulaire Attaquant Brésil Derlei
5%
- Titulaire Attaquant Angleterre Jermaine Pennant
5%
- Titulaire Défenseur Italie Mauro Tassotti
5%
- Titulaire Milieu Turquie Yıldıray Baştürk
5%
- Titulaire Milieu Allemagne Carsten Ramelow
4%
- Titulaire Défenseur Italie Ciro Ferrara
4%
- Remplaçant Milieu Russie Dmitri Alenitchev
4%
- Remplaçant Milieu Brésil Flavio Conceicao
4%
- Remplaçant Défenseur Italie Giuseppe Favalli
4%
- Remplaçant Milieu France Jean-Christophe Thomas
4%
- Titulaire Défenseur France Jean-Jacques Eydelie
4%
- Remplaçant Milieu Chili Mark Gonzalez
4%
- Remplaçant Défenseur Brésil Roque Junior
4%
- Titulaire Défenseur Irlande Steve Finann
4%
- Titulaire Milieu Italie Alessio Tacchinardi
3%
- Titulaire Défenseur Croatie Boris Zivkovic
3%
- Titulaire Défenseur Argentine Diego Placente
3%
- Remplaçant Attaquant Uruguay Marcelo Zalayeta
3%
- Titulaire Milieu Allemagne Thomas Brdarić
3%
- Titulaire Défenseur Allemagne Zoltán Sebescen
3%
- Titulaire Milieu Italie Gianluigi Lentini
2%
- Remplaçant Milieu France Jean-Philippe Durand
2%
Bayer Leverkusen 2002 - Entraineur Allemagne Klaus Toppmöller
2%
- Remplaçant Défenseur Croatie Marko Babić
2%
- Remplaçant Défenseur Portugal Pedro Emmanuel
2%
- Remplaçant Attaquant Allemagne Ulf Kirsten
2%
- Remplaçant Milieu Italie Alessandro Birindelli
1%
- Remplaçant Milieu Italie Stefano Eranio
1%
Aucun quiz correspondant
Distribution des résultats
% des personnes avec chaque résultat
Percentile par nombre de réponses
Votre historique - résultats
Vous n’avez pas pris ce quiz